LEADER 02420nam 22005774a 450 001 9910783869003321 005 20230617010057.0 010 $a1-134-38629-X 010 $a1-134-38630-3 010 $a9786610244430 010 $a1-280-24443-7 010 $a0-203-45845-1 035 $a(CKB)1000000000250019 035 $a(EBL)200326 035 $a(OCoLC)437060342 035 $a(SSID)ssj0000156707 035 $a(PQKBManifestationID)11160018 035 $a(PQKBTitleCode)TC0000156707 035 $a(PQKBWorkID)10130268 035 $a(PQKB)11392695 035 $a(MiAaPQ)EBC200326 035 $a(EXLCZ)991000000000250019 100 $a20041119d2005 uy 0 101 0 $aeng 135 $aur|n|---||||| 181 $ctxt 182 $cc 183 $acr 200 10$aFor business ethics$b[electronic resource] /$fCampbell Jones, Martin Parker and Rene? ten Bos 210 $aLondon ;$aNew York $cRoutledge$d2005 215 $a1 online resource (223 p.) 300 $aDescription based upon print version of record. 311 $a0-415-31134-9 311 $a0-415-31135-7 320 $aIncludes bibliographical references (p. 182-202) and indexes. 327 $aBook Cover; Title; Copyright; Contents; Acknowledgements; Chapter 1 Introduction: against business ethics; Chapter 2 Common sense business ethics; Chapter 3 'Business ethics' I: consequences; Chapter 4 'Business ethics' II: intentions; Chapter 5 'Business ethics' III: virtues; Chapter 6 The meaning of ethics; Chapter 7 Denying ethics I: bureaucracy; Chapter 8 Denying ethics II: global capital; Chapter 9 Business ethics today; Chapter 10 Conclusion: for business ethics; Glossary; Further reading; References; Author index; Subject index 330 $aThis book deals with the traditional material of ethics in business, as well as introducing and surveying some of the most interesting developments in critical ethical theory which have not yet been introduced to the mainstream. I 606 $aBusiness ethics 615 0$aBusiness ethics. 676 $a174/.4 686 $a85.02$2bcl 700 $aJones$b Campbell$f1973-$0623717 701 $aParker$b Martin$f1962-$0116455 701 $aBos$b Rene? ten$01511770 801 0$bMiAaPQ 801 1$bMiAaPQ 801 2$bMiAaPQ 906 $aBOOK 912 $a9910783869003321 996 $aFor business ethics$93745299 997 $aUNINA